Nuevas formas de realismo

Uloženo v:
Podrobná bibliografie
Hlavní autor: Sager, Peter (Autor)
Médium: Kniha
Jazyk:španělština
Vydáno: Madrid Alianza 1981
Edice:Alianza Forma, 19
Témata:
Tagy: Přidat tag
Žádné tagy, Buďte první, kdo vytvoří štítek k tomuto záznamu!

MARC

LEADER 00000nam a2200000 a 4500
001 UCO4723
003 CL-VaPUC
008 000811e19810000SP |||||||||||||||||spa|d
082 0 4 |a 709.0343  |b SAG  |2 21 
100 0 |a Sager, Peter  |e author  |9 449357 
245 1 0 |a Nuevas formas de realismo 
300 |a 264 p 
942 |c BK 
945 |d 20000811 00:00:00  |a crobeson 
260 |a Madrid  |b Alianza  |c 1981 
650 0 |a Realismo en el arte  |9 268242 
650 0 |a Arte contemporáneo  |9 338008 
650 0 |a Pintura  |9 265046 
650 0 |a Fotografía  |9 268495 
583 |a last modification  |c 20000811 00:00:00  |k Rodrigo Vera 
490 0 |a Alianza Forma, 19 
999 |c 290724  |d 290722 
952 |0 0  |1 0  |4 0  |6 709_034300000000000_SAG_1981  |7 0  |8 A  |9 340285  |a BIBART  |b BIBART  |d 2019-11-20  |i 1215124  |o 709.0343 SAG 1981  |p 1215124  |r 2025-03-13  |w 2019-11-20  |y BK  |k ART